Tintinall's Emergency Medicine: a comprehensive study guide (Record no. 5906)

MARC details
000 -LEADER
fixed length control field 00586nam a22002057a 4500
003 - CONTROL NUMBER IDENTIFIER
control field OSt
005 - DATE AND TIME OF LATEST TRANSACTION
control field 20171206181756.0
008 - FIXED-LENGTH DATA ELEMENTS--GENERAL INFORMATION
fixed length control field 171206b xxu||||| |||| 00| 0 eng d
020 ## - INTERNATIONAL STANDARD BOOK NUMBER
International Standard Book Number 9780071794763
040 ## - CATALOGING SOURCE
Transcribing agency DNLM
082 ## - DEWEY DECIMAL CLASSIFICATION NUMBER
Classification number WB105 T498j 2011
100 ## - MAIN ENTRY--PERSONAL NAME
Personal name Editor Judith, E.Tintinall
9 (RLIN) 12279
245 ## - TITLE STATEMENT
Title Tintinall's Emergency Medicine: a comprehensive study guide
250 ## - EDITION STATEMENT
Edition statement 8th ed.
260 ## - PUBLICATION, DISTRIBUTION, ETC. (IMPRINT)
Place of publication, distribution, etc. New York; Mcgraw-hill, 2011
300 ## - PHYSICAL DESCRIPTION
Extent xliii,2128p; col.ill: 28cm
504 ## - BIBLIOGRAPHY, ETC. NOTE
Bibliography, etc References, & index included
650 ## - SUBJECT ADDED ENTRY--TOPICAL TERM
Topical term or geographic name as entry element Emergency medicine
9 (RLIN) 9685
942 ## - ADDED ENTRY ELEMENTS (KOHA)
Source of classification or shelving scheme Other/Generic Classification Scheme
Koha item type Open Shelf
Holdings
Withdrawn status Lost status Source of classification or shelving scheme Damaged status Not for loan Home library Current library Date acquired Source of acquisition Inventory number Total Checkouts Full call number Barcode Date last seen Koha item type Price effective from
    Other/Generic Classification Scheme     MUST Main Library MUST Main Library 06/12/2017   17/40422   WB105 T498j 2011 2017-0956 06/12/2017 Open Shelf  
    Other/Generic Classification Scheme     MUST Main Library MUST Main Library 22/10/2021 Purchase 21/41520   WX215T498j 2011 2021-1496 22/10/2021 Open Shelf 22/10/2021
    Other/Generic Classification Scheme     MUST Main Library MUST Main Library 22/10/2021 Purchase 21/41519   WX215T498j 2011 2021-1497 22/10/2021 Open Shelf 22/10/2021
    Other/Generic Classification Scheme     MUST Main Library MUST Main Library 12/08/2022 Purchase 22/41848   WB105 T498j 2011 2022-7866 12/08/2022 Book 12/08/2022
    Other/Generic Classification Scheme     MUST Main Library MUST Main Library 12/08/2022 Purchase 22/41846   WB105 T498j 2011 2022-7867 12/08/2022 Book 12/08/2022
    Other/Generic Classification Scheme     MUST Main Library MUST Main Library 12/08/2022 Purchase 22/41842   WB105 T498j 2011 2022-7868 12/08/2022 Book 12/08/2022